000 00471nam a2200181Ia 4500
001 20232
005 20260306172751.0
008 260306t2022||||xx |||||||||||||| ||spa||
041 _aESP
082 _a343
_bS17D
100 _aSalomé Resurrección, Liliana María
_eAUT
245 0 _aDerechos sociales:
_btrabajo, educación, salud y pensión
260 _c2022
300 _a235 páginas :
_c20 cm.
650 _aGEN
654 _aCDE
942 _cLIB
_dJUS
_fJUS
_2ddc
_n
999 _c20232
_d20232